| 000 | 00422aam a2200193 4500 | ||
|---|---|---|---|
| 005 | 20161013145655.0 | ||
| 008 | 150626b xxu||||| |||| 00| 0 spa d | ||
| 041 | _aEspañol | ||
| 082 | _a1.4.18 K11c | ||
| 245 | _aCocteles | ||
| 260 | _aEspañol | ||
| 260 | _bLexus | ||
| 260 | _c2005 | ||
| 300 | _a232 páginas | ||
| 650 |
_aCOCTELES _91736 |
||
| 650 |
_aHISTORIA _943 |
||
| 650 |
_aUTENSILIOS _95262 |
||
| 942 | _cBK | ||
| 999 |
_c1497 _d1497 |
||